<?xml version="1.0" encoding="UTF-8"?>
<record
    xmlns:xsi="http://www.w3.org/2001/XMLSchema-instance"
    xsi:schemaLocation="http://www.loc.gov/MARC21/slim http://www.loc.gov/standards/marcxml/schema/MARC21slim.xsd"
    xmlns="http://www.loc.gov/MARC21/slim">

  <leader>05093cam a2200853 a 4500</leader>
  <controlfield tag="001">0005573869</controlfield>
  <controlfield tag="003">OSt</controlfield>
  <controlfield tag="005">20260423190651.0</controlfield>
  <controlfield tag="007">ta</controlfield>
  <controlfield tag="008">161003m20169999onca   j 6    000 1 fre  </controlfield>
  <datafield tag="020" ind1=" " ind2=" ">
    <subfield code="a">9781039715790</subfield>
    <subfield code="q">(vol. 14)</subfield>
  </datafield>
  <datafield tag="040" ind1=" " ind2=" ">
    <subfield code="a">SDM</subfield>
    <subfield code="b">fre</subfield>
    <subfield code="d">SQTD</subfield>
    <subfield code="d">QMBND</subfield>
  </datafield>
  <datafield tag="041" ind1="1" ind2=" ">
    <subfield code="a">fre</subfield>
    <subfield code="h">eng</subfield>
  </datafield>
  <datafield tag="082" ind1="0" ind2="5">
    <subfield code="a">818.54</subfield>
    <subfield code="b">P639s</subfield>
    <subfield code="2">23</subfield>
  </datafield>
  <datafield tag="082" ind1="0" ind2="5">
    <subfield code="a">BD PIL v.14</subfield>
    <subfield code="b">P639s</subfield>
    <subfield code="2">23</subfield>
  </datafield>
  <datafield tag="091" ind1="0" ind2=" ">
    <subfield code="a">SUP</subfield>
  </datafield>
  <datafield tag="100" ind1="1" ind2=" ">
    <subfield code="a">Pilkey, Dav,</subfield>
    <subfield code="d">1966-</subfield>
  </datafield>
  <datafield tag="240" ind1="1" ind2="0">
    <subfield code="a">Dog man.</subfield>
    <subfield code="l">Fran&#x227;is</subfield>
  </datafield>
  <datafield tag="245" ind1="1" ind2="0">
    <subfield code="a">Super Chien 14. Gros Jean: la conviction</subfield>
    <subfield code="c">Dav Pilkey, en tant que Georges Barnab &#x11B;t Harold Hb&#x30C;ert ; texte fran&#x227;is d'Isabelle Allard.</subfield>
  </datafield>
  <datafield tag="260" ind1=" " ind2=" ">
    <subfield code="a">Toronto :</subfield>
    <subfield code="b">Scholastic,</subfield>
    <subfield code="c">&#x266D;2016-</subfield>
  </datafield>
  <datafield tag="300" ind1=" " ind2=" ">
    <subfield code="a">v. :</subfield>
    <subfield code="b">principalement des ill. en coul. ;</subfield>
    <subfield code="c">21 cm.</subfield>
  </datafield>
  <datafield tag="500" ind1=" " ind2=" ">
    <subfield code="a">Traduction de: Dog man.</subfield>
  </datafield>
  <datafield tag="500" ind1=" " ind2=" ">
    <subfield code="a">"Les &#x10F;itions de l'Arbre ont le plaisir de pr&#x161;enter"</subfield>
  </datafield>
  <datafield tag="505" ind1="1" ind2="0">
    <subfield code="g">2.</subfield>
    <subfield code="t">D&#x10D;han&#x30B; -&#x30C;-</subfield>
    <subfield code="g">3.</subfield>
    <subfield code="t">Conte de deux minets --</subfield>
    <subfield code="g">4.</subfield>
    <subfield code="t">Et mini chat --</subfield>
    <subfield code="g">5.</subfield>
    <subfield code="t">Sa majest &#x10F;es puces --</subfield>
    <subfield code="g">6.</subfield>
    <subfield code="t">La querelle de la fort&#x30A; --</subfield>
    <subfield code="g">7.</subfield>
    <subfield code="t">Pour qui volent ces balles --</subfield>
    <subfield code="g">8.</subfield>
    <subfield code="t">Attrape-22 --</subfield>
    <subfield code="g">9.</subfield>
    <subfield code="t">Crime et chat-iment --</subfield>
    <subfield code="g">10.</subfield>
    <subfield code="t">Les hauts du fir-maman --</subfield>
    <subfield code="g">11.</subfield>
    <subfield code="t">Vingt mille puces sous les mers --</subfield>
    <subfield code="g">12.</subfield>
    <subfield code="t">La bt&#x30A;e &#x10D;arlate --</subfield>
    <subfield code="g">13.</subfield>
    <subfield code="t">Gros Jean : le commencement</subfield>
  </datafield>
  <datafield tag="650" ind1=" " ind2="7">
    <subfield code="a">Chiens</subfield>
    <subfield code="v">Bandes dessin&#x11B;s</subfield>
    <subfield code="2">vmj</subfield>
  </datafield>
  <datafield tag="650" ind1=" " ind2="7">
    <subfield code="a">Chats</subfield>
    <subfield code="v">Bandes dessin&#x11B;s</subfield>
    <subfield code="2">vmj</subfield>
  </datafield>
  <datafield tag="650" ind1=" " ind2="7">
    <subfield code="a">Policiers</subfield>
    <subfield code="v">Bandes dessin&#x11B;s</subfield>
    <subfield code="2">vmj</subfield>
  </datafield>
  <datafield tag="650" ind1=" " ind2="7">
    <subfield code="a">Criminels</subfield>
    <subfield code="v">Bandes dessin&#x11B;s</subfield>
    <subfield code="2">vmj</subfield>
  </datafield>
  <datafield tag="650" ind1=" " ind2="7">
    <subfield code="a">Postes de police</subfield>
    <subfield code="v">Bandes dessin&#x11B;s</subfield>
    <subfield code="2">vmj</subfield>
  </datafield>
  <datafield tag="655" ind1=" " ind2="7">
    <subfield code="a">Bandes dessin&#x11B;s humoristiques</subfield>
    <subfield code="2">rvmgf</subfield>
  </datafield>
  <datafield tag="655" ind1=" " ind2="7">
    <subfield code="a">Bandes dessin&#x11B;s de superh&#x159;os</subfield>
    <subfield code="2">rvmgf</subfield>
  </datafield>
  <datafield tag="740" ind1="0" ind2="2">
    <subfield code="a">D&#x10D;han&#x30B;</subfield>
  </datafield>
  <datafield tag="740" ind1="0" ind2="2">
    <subfield code="a">Conte de deux minets</subfield>
  </datafield>
  <datafield tag="740" ind1="0" ind2="2">
    <subfield code="a">Et mini chat</subfield>
  </datafield>
  <datafield tag="740" ind1="0" ind2="2">
    <subfield code="a">Super Chien et mini chat</subfield>
  </datafield>
  <datafield tag="740" ind1="0" ind2="2">
    <subfield code="a">Sa majest &#x10F;es puces</subfield>
  </datafield>
  <datafield tag="740" ind1="0" ind2="2">
    <subfield code="a">Querelle de la fort&#x30A;</subfield>
  </datafield>
  <datafield tag="740" ind1="0" ind2="2">
    <subfield code="a">Pour qui volent ces balles</subfield>
  </datafield>
  <datafield tag="740" ind1="0" ind2="2">
    <subfield code="a">Attrape-22</subfield>
  </datafield>
  <datafield tag="740" ind1="0" ind2="2">
    <subfield code="a">Crime et chat-iment</subfield>
  </datafield>
  <datafield tag="740" ind1="0" ind2="2">
    <subfield code="a">Hauts du fir-maman</subfield>
  </datafield>
  <datafield tag="740" ind1="0" ind2="2">
    <subfield code="a">Vingt mille puces sous les mers</subfield>
  </datafield>
  <datafield tag="740" ind1="0" ind2="2">
    <subfield code="a">Bt&#x30A;e &#x10D;arlate</subfield>
  </datafield>
  <datafield tag="740" ind1="0" ind2="2">
    <subfield code="a">Gros Jean : le commencement</subfield>
  </datafield>
  <datafield tag="740" ind1="0" ind2="2">
    <subfield code="a">Gros Jean : La conviction</subfield>
  </datafield>
  <datafield tag="942" ind1=" " ind2=" ">
    <subfield code="2">ddc</subfield>
    <subfield code="c">BD</subfield>
  </datafield>
  <datafield tag="999" ind1=" " ind2=" ">
    <subfield code="c">18828</subfield>
    <subfield code="d">18828</subfield>
  </datafield>
  <datafield tag="952" ind1=" " ind2=" ">
    <subfield code="0">0</subfield>
    <subfield code="1">0</subfield>
    <subfield code="2">ddc</subfield>
    <subfield code="4">0</subfield>
    <subfield code="7">0</subfield>
    <subfield code="a">HENRYVILLE</subfield>
    <subfield code="b">HENRYVILLE</subfield>
    <subfield code="d">2026-04-23</subfield>
    <subfield code="l">0</subfield>
    <subfield code="o">BD PIL v.14</subfield>
    <subfield code="p">30001030052924</subfield>
    <subfield code="r">2026-04-23 19:07:17</subfield>
    <subfield code="w">2026-04-23</subfield>
    <subfield code="y">BD</subfield>
  </datafield>
</record>
